书目信息 |
| 题名: |
学习中共十四届五中全会文件十讲
|
|
| 作者: | ;中共中央党校教务部 , 中共中央党校经济学教研部 编写 | |
| 分册: | ||
| 出版信息: | 北京 中共中央党校出版社 1995 |
|
| 页数: | 212页 | |
| 开本: | 19cm | |
| 丛书名: | ||
| 单 册: | ||
| 中图分类: | D229 , F123.13 | |
| 科图分类: | 33.12425 | |
| 主题词: | 社会主义经济∶市场经济--中国 , 市场经济∶社会主义经济--中国 | |
| 电子资源: | ||
| ISBN: | 7-5035-1315-2 | |
| 000 | 01153nnam 2200277 45 | |
| 001 | 0196019367 | |
| 005 | 20070724091632.14 | |
| 010 | @a7-5035-1315-2@dCNY7.80 | |
| 100 | @a19950715e19951995em y0chiy0121 ea | |
| 101 | 0 | @achi |
| 102 | @aCN@b110000 | |
| 105 | @ay z 000yy | |
| 200 | 10 | @a学习中共十四届五中全会文件十讲@AXUE XI ZHONG GONG SHI SI JIE WU ZHONG QUAN HUI WEN JIAN SHI JIANG@f中共中央党校教务部,中共中央党校经济学教研部编写@FZHONG GONG ZHONG YANG DANG XIAO JIAO WU BU , ZHONG GONG ZHONG YANG DANG XIAO JING JI XUE JIAO YAN U BIAN XIE |
| 210 | @a北京@c中共中央党校出版社@d1995@h1995重印 | |
| 215 | @a212页@d19cm | |
| 540 | 1 | @a十四届五中全会@ASHI SI JIE WU ZHONG QUAN HUI |
| 601 | 12 | @a中国共产党十四届五中全会(1995)@x文件@x学习参考资料 |
| 606 | @a社会主义经济∶市场经济@y中国 | |
| 606 | @a市场经济∶社会主义经济@y中国 | |
| 690 | @aD229 | |
| 690 | @aF123.13 | |
| 692 | @a33.12425 | |
| 711 | 02 | @a中共中央党校教务部@AZHONG GONG ZHONG YANG DANG XIAO JIAO WU BU@4编写 |
| 711 | 02 | @a中共中央党校经济学教研部@AZHONG GONG ZHONG YANG DANG XIAO JING JI XUE JIAO YAN BU@4编写 |
| 801 | 0 | @aCN@bTSSF@c20070724 |
| 905 | @a10447@dF123.13@e187 | |
| 学习中共十四届五中全会文件十讲/中共中央党校教务部,中共中央党校经济学教研部编写.-北京:中共中央党校出版社,1995(1995重印) |
| 212页;19cm |
| ISBN 7-5035-1315-2:CNY7.80 |
| ● |
| 相关链接 |
|
|
|
|
正题名:学习中共十四届五中全会文件十讲
索取号:F123.13/187
 
预约/预借
| 序号 | 登录号 | 条形码 | 馆藏地/架位号 | 状态 | 备注 |
| 1 | 0770521 | 207705214 | 第一样本阅览室/ [索取号:F123.13/187] | 在馆 |